000 00291nam a22001337a 4500
008 170926b xxu||||| |||| 00| 0 eng d
020 _ax0007xdeop
041 _aeng
080 _a37
100 _a46
101 _aEDU
245 _aINTRODUCING SOCIAL WORK
_cDOMINELLI, L
942 _2udc
_cBK
999 _c29770
_d29770